Etelä-Savon kuntien vaakunat 2025 (keltainen laatikko) - Statistics

Yleistilastot
  • Tätä visaa on pelattu 126 kertaa
    122 viimeisimmän päivityksen jälkeen
  • Keskiarvotulos 10 / 11
Vastaustilastot
Kuvavisa Vastaus % Oikein
Hirvensalmi
100%
Mikkeli
94%
Savonlinna
94%
Mäntyharju
89%
Puumala
87%
Juva
85%
Pieksämäki
85%
Sulkava
85%
Enonkoski
83%
Kangasniemi
83%
Rantasalmi
83%
Ehtoja vastaavia visoja ei löytynyt
Tulosjakauma
Jokaisen tuloksen saaneiden osuus
Persentiili vastausten määrän mukaan
Tuloshistoriasi
Et ole pelannut tätä visaa sen viimeisimmän päivityksen jälkeen